Online katalóg knižníc regiónu Turca

Osvienčimská uspávanka (Record no. 22212)

MARC details
000 -LEADER
fixed length control field 02324cam a2200613 4500
001 - CONTROL NUMBER
control field 22212
003 - CONTROL NUMBER IDENTIFIER
control field VRT
005 - DATE AND TIME OF LATEST TRANSACTION
control field 20260323133809.0
008 - FIXED-LENGTH DATA ELEMENTS--GENERAL INFORMATION
fixed length control field 210624s2019 xo er 000 f slo
015 ## - NATIONAL BIBLIOGRAPHY NUMBER
National bibliography number SNBA2021/01
020 ## - INTERNATIONAL STANDARD BOOK NUMBER
International Standard Book Number 9788056613672
Qualifying information (viazané)
035 ## - SYSTEM CONTROL NUMBER
System control number urn:nbn:sk:snk-am00ed2v
035 ## - SYSTEM CONTROL NUMBER
System control number urn:nbn:sk:snk-am3igeo
035 ## - SYSTEM CONTROL NUMBER
System control number 9FC9362A-D66C-4EE4-A6AB-54348E173F24
039 #9 - LEVEL OF BIBLIOGRAPHIC CONTROL AND CODING DETAIL [OBSOLETE]
Level of rules in bibliographic description 202504291330
Level of effort used to assign nonsubject heading access points AUTHORITY
Level of effort used to assign subject headings 202407021127
Level of effort used to assign classification AUTHORITY
Level of effort used to assign subject headings 202406101340
Level of effort used to assign classification AUTHORITY
Level of effort used to assign subject headings 202401081249
Level of effort used to assign classification AUTHORITY
040 ## - CATALOGING SOURCE
Original cataloging agency TTKJF
Language of cataloging slo
Transcribing agency TTKJF
Modifying agency SNK
Description conventions rda
041 1# - LANGUAGE CODE
Language code of text/sound track or separate title slo
Language code of original spa
044 ## - COUNTRY OF PUBLISHING/PRODUCING ENTITY CODE
MARC country code xo
ISO country code SK
072 #7 - SUBJECT CATEGORY CODE
Subject category code 821.134.2-3
Subject category code subdivision Španielska próza, španielsky písaná
Source konspekt
080 ## - UNIVERSAL DECIMAL CLASSIFICATION NUMBER
Universal Decimal Classification number (=214.58)-053.2
Edition identifier 2011
080 ## - UNIVERSAL DECIMAL CLASSIFICATION NUMBER
Universal Decimal Classification number 323.12"1939/1945"
Edition identifier 2011
080 ## - UNIVERSAL DECIMAL CLASSIFICATION NUMBER
Universal Decimal Classification number 343.819.5
Edition identifier 2011
080 ## - UNIVERSAL DECIMAL CLASSIFICATION NUMBER
Universal Decimal Classification number 821.134.2-31
Edition identifier 2011
100 1# - MAIN ENTRY--PERSONAL NAME
Personal name Escobar, Mario,
Dates associated with a name 1971-
Relationship aut
240 10 - UNIFORM TITLE
Uniform title Canción de cuna de Auschwitz
Language of a work Slovensky
245 10 - TITLE STATEMENT
Title Osvienčimská uspávanka
Statement of responsibility, etc. Mario Escobar ; zo španielskeho originálu Canción de cuna de Auschwitz ... preložil Milan Kopecký
250 ## - EDITION STATEMENT
Edition statement Prvé slovenské vydanie
264 #1 - PRODUCTION, PUBLICATION, DISTRIBUTION, MANUFACTURE, AND COPYRIGHT NOTICE
Place of production, publication, distribution, manufacture Bratislava
Name of producer, publisher, distributor, manufacturer Lindeni
Date of production, publication, distribution, manufacture, or copyright notice 2019
300 ## - PHYSICAL DESCRIPTION
Extent 229 strán
Dimensions 21 cm
336 ## - CONTENT TYPE
Content type term text
Content type code txt
Source rdacontent
337 ## - MEDIA TYPE
Media type term bez média
Media type code n
Source rdamedia
338 ## - CARRIER TYPE
Carrier type term zväzok
Carrier type code nc
Source rdacarrier
500 ## - GENERAL NOTE
General note Vydalo vydavateľstvo Lindeni v spoločnosti Albatros Media Slovakia, s.r.o.
610 17 - SUBJECT ADDED ENTRY--CORPORATE NAME
Corporate name or jurisdiction name as entry element Osvienčim (koncentračný tábor)
Source of heading or term SNKPH
650 07 - SUBJECT ADDED ENTRY--TOPICAL TERM
Topical term or geographic name entry element Rómovia
Source of heading or term SNKPH
650 07 - SUBJECT ADDED ENTRY--TOPICAL TERM
Topical term or geographic name entry element rómske deti
Source of heading or term SNKPH
650 07 - SUBJECT ADDED ENTRY--TOPICAL TERM
Topical term or geographic name entry element holokaust (1939-1945)
Source of heading or term SNKPH
650 07 - SUBJECT ADDED ENTRY--TOPICAL TERM
Topical term or geographic name entry element koncentračné tábory
Source of heading or term SNKPH
650 07 - SUBJECT ADDED ENTRY--TOPICAL TERM
Topical term or geographic name entry element Romanies
Source of heading or term SNKPHeng
650 07 - SUBJECT ADDED ENTRY--TOPICAL TERM
Topical term or geographic name entry element Romani children
Source of heading or term SNKPHeng
650 07 - SUBJECT ADDED ENTRY--TOPICAL TERM
Topical term or geographic name entry element Holocaust (1939-1945)
Source of heading or term SNKPHeng
650 07 - SUBJECT ADDED ENTRY--TOPICAL TERM
Topical term or geographic name entry element Concentration camps
Source of heading or term SNKPHeng
655 #7 - INDEX TERM--GENRE/FORM
Genre/form data or focus term španielske romány
Source of term SNKPH
655 #7 - INDEX TERM--GENRE/FORM
Genre/form data or focus term Spanish fiction
Source of term SNKPHeng
700 1# - ADDED ENTRY--PERSONAL NAME
Personal name Kopecký, Milan,
Dates associated with a name 1984-
Relationship trl
710 2# - ADDED ENTRY--CORPORATE NAME
Corporate name or jurisdiction name as entry element Albatros Media Slovakia.
Subordinate unit Lindeni
Relationship pbl
910 ## - USER-OPTION DATA (OCLC)
User-option data snk
942 ## - ADDED ENTRY ELEMENTS (KOHA)
Source of classification or shelving scheme Dewey Decimal Classification
Koha item type Krásna literatúra pre dospelých
Suppress in OPAC No
949 ## - LOCAL PROCESSING INFORMATION (OCLC)
6 17A1417239
a snkSC 187701 D1
b snk2020/6378
o 2376/19
949 ## - LOCAL PROCESSING INFORMATION (OCLC)
6 273K0651949
a svkpoA 244648
b svkpo644008
949 ## - LOCAL PROCESSING INFORMATION (OCLC)
6 2889357954
a savukM 121733
b savuk2020/2004
949 ## - LOCAL PROCESSING INFORMATION (OCLC)
6 270001000640879
a svkbbA 159893
b svkbbm 788652
949 ## - LOCAL PROCESSING INFORMATION (OCLC)
6 17A1414893
a snkSC 187701
b snk2020/2518
o 2376/19
s 6100:20200220
Holdings
Stav vyradenia Strata Poškodenie Spôsob nadobudnutia Domovská knižnica Aktuálna knižnica Dátum nadobudnutia Total checkouts Čiarový kód exemplára Date last seen Typ exemplára
      Dar Obecná knižnica Turčianska Štiavnička Obecná knižnica Turčianska Štiavnička 23.03.2026   4738000674 23.03.2026 Krásna literatúra pre dospelých
Projekt je podporený Slovenskou asociáciou knižníc
Prevádzkuje Turčianska knižnica Martin 2026